| 000 | 00710nam a2200205 a 4500 | ||
|---|---|---|---|
| 001 | 2575 | ||
| 003 | CDMR | ||
| 005 | 20131128112033.0 | ||
| 008 | 130130s1996||||||||||||||||||||||||||||d | ||
| 020 | _a8439340354 | ||
| 040 |
_aCDMR _bcat _cCPC LLEIDA |
||
| 100 | 1 |
_aGimferrer, Pere _91931 |
|
| 245 | 1 | 0 |
_aLiteratura catalana i periodisme _cPere Gimferrer |
| 260 |
_aBarcelona _c1996 _bCentre d'Investigació de la Comunicació |
||
| 586 | _aVIII Premi a la investigació sobre comunicació de masses | ||
| 650 | 0 | 4 |
_93088 _aPeriodisme i literatura |
| 710 | 1 |
_9304 _aCentre d'Investigació de la Comunicació |
|
| 711 | 2 |
_93791 _aPremis a la Investigació sobre Comunicació de Masses _d1996 _n8ès |
|
| 942 |
_cMON _2udc |
||
| 999 |
_c2575 _d2575 |
||